Le Pommier, le cognassier, le néflier, le cormier, le figuier, le noyer, le chataignier, le noisetier : taille, variétés, ennemis des arbres, maladies cryptogamiques, maturation, conservation, fruitier, verger / par Pierre Passy taille, variétés, ennemis des arbres, maladies cryptogamiques, maturation, conservation, fruitier, verger / par Pierre Passy
Descripción Física:
86 p. : il. ; 18 cm
Colección:
Arboriculture fruitière ; 4
MARC
| LEADER | 00000nam a2200000Ia 4500 | ||
|---|---|---|---|
| 001 | 14370 | ||
| 008 | 160829s1910 xx 000 0 cat d | ||
| 080 | |a C-2-246 | ||
| 100 | |a Passy, Pierre |9 25208 | ||
| 245 | |a Le Pommier, le cognassier, le néflier, le cormier, le figuier, le noyer, le chataignier, le noisetier : |b taille, variétés, ennemis des arbres, maladies cryptogamiques, maturation, conservation, fruitier, verger / par Pierre Passy | ||
| 260 | |a Paris : |b J.B. Baillière et fils, |c 1910 | ||
| 300 | |a 86 p. : |b il. ; |c 18 cm | ||
| 490 | |a Arboriculture fruitière ; 4 | ||
| 590 | |a Avec 27 figures | ||
| 650 | |a Arbres fruiters |9 25209 | ||
| 650 | |a Pomeres |9 25210 | ||
| 901 | |a Arxiu | ||
| 942 | |n 1 | ||
| 952 | |0 0 |1 0 |4 0 |6 C2246 |7 1 |9 43504 |a Arxiu |b Arxiu |d 2016-12-01 |l 0 |o C-2-246 |p 14370 |r 2016-12-01 00:00:00 |w 2016-12-01 |y ARXIU | ||
| 999 | |c 46050 |d 46050 | ||